LEADER 01139nam--2200385---450- 001 990005956470203316 005 20140707112156.0 035 $a000595647 035 $aUSA01000595647 035 $a(ALEPH)000595647USA01 035 $a000595647 100 $a20140707d1822----km-y0itay50------ba 101 $agrc 102 $aDE 105 $a||||||||001yy 200 1 $aHomeri Odyssea$ecum interpretationis Eustathii et reliquorum grammaticorum delectu, suisque commentariis$gedidit Carl. Guil. Baumgarten-Crusius 210 $aLipsiae$cSumptibus Hartmanni$d1822 215 $av.$d21 cm 327 1 $aVol. I : Pars I (Rhapsod. 1.-4. continens) - VIII,229 p. 410 0$12001 454 1$12001 461 1$1001-------$12001 606 0 $aPoesia greca$2BNCF 676 $a881 700 1$aHOMERUS$0155559 702 1$aBAUMGARTEN-CRUSIUS,$bCarl. Guil. 801 0$aIT$bsalbc$gISBD 912 $a990005956470203316 951 $aFG 84,6$b48100 L.M. 959 $aBK 969 $aDSA 979 $aDSA$b90$c20140707$lUSA01$h1120 979 $aDSA$b90$c20140707$lUSA01$h1121 996 $aOdyssea$917636 997 $aUNISA LEADER 01617nam 2200505 450 001 9910510544803321 005 20230712155122.0 010 $a9783030822460$b(electronic bk.) 010 $z9783030822453 035 $a(MiAaPQ)EBC6811005 035 $a(Au-PeEL)EBL6811005 035 $a(CKB)19919350700041 035 $a(OCoLC)1286660943 035 $a(PPN)258844205 035 $a(EXLCZ)9919919350700041 100 $a20220819d2021 uy 0 101 0 $aeng 135 $aurcnu|||||||| 181 $ctxt$2rdacontent 182 $cc$2rdamedia 183 $acr$2rdacarrier 200 10$aMinor spices and condiments $eglobal economic potential /$fKodoth Prabhakaran Nair 210 1$aCham, Switzerland :$cSpringer International Publishing,$d[2021] 210 4$d©2021 215 $a1 online resource (233 pages) 311 08$aPrint version: Nair, Kodoth Prabhakaran Minor Spices and Condiments Cham : Springer International Publishing AG,c2021 9783030822453 606 $aSpices$xAnalysis 606 $aCondiments 606 $aCondiments$2thub 606 $aEspècies (Gastronomia)$2thub 606 $aGlobalització (Economia)$2thub 608 $aLlibres electrònics$2thub 615 0$aSpices$xAnalysis. 615 0$aCondiments. 615 7$aCondiments 615 7$aEspècies (Gastronomia) 615 7$aGlobalització (Economia) 676 $a641.3383 700 $aNair$b Kodoth Prabhakaran$0888499 801 0$bMiAaPQ 801 1$bMiAaPQ 801 2$bMiAaPQ 912 $a9910510544803321 996 $aMinor Spices and Condiments$92551225 997 $aUNINA LEADER 04486oam 2200961 n 450 001 9910597163703321 005 20240930234934.0 010 $a84-9096-372-X 035 $a(CKB)4100000012897116 035 $a(FrMaCLE)OB-cvz-32362 035 $a(PPN)265624584 035 $a(oapen)doab113543 035 $a(EXLCZ)994100000012897116 100 $a20221013j2022|||| ||| 0 101 0 $aspa 135 $auu||||||m|||| 181 $ctxt$2rdacontent 182 $cc$2rdamedia 183 $acr$2rdacarrier 200 14$aLa «señal» del pedrero$eObra y fábrica del claustro de la catedral de Toledo (1383-1485)$fAmalia María Yuste Galán 210 $aMadrid$cCasa de Velázquez$d2022 215 $a1 online resource (XI-360 p.) 225 1 $aBibliothèque de la Casa de Velázquez 311 08$a84-9096-371-1 330 $aLa catedral de Toledo vivió un periodo de gran actividad con la elevación del claustro y las edificaciones que lo rodeaban. Esta investigación propone una nueva lectura sobre su historia constructiva y la organización de los talleres de pedreros que trabajaron en la gran cantería castellana. ¿Quiénes eran estos maestros y de dónde venían? ¿Cómo se formaban? ¿Con qué materiales y medios trabajaban? ¿Cuándo y en qué condiciones lo hacían? ¿Qué «señales» dejaron en las piedras del claustro? Para responder a estas preguntas se ha contrastado lo edificado con la documentación conservada y se ha incluido, en el análisis de los paramentos, el estudio de los signos lapidarios. La aplicación de un Sistema de Información Geográfica para las «señales» identificadas ha permitido transcender la historia de lo construido. La construction du cloître de la cathédrale de Tolède a eu lieu entre les xive et xve siècles. La confrontation de la documentation comptable qu'elle a générée avec le monument lui-même et les signes lapidaires identifiés grâce à l'application des nouvelles technologies, a permis d'approcher la vie quotidienne de l'une des plus grandes entreprises de construction du Moyen Âge castillan et de contribuer à une nouvelle lecture des moyens, des personnes et de l'organisation des ateliers de taille de pierre. The construction of the cloister of Toledo Cathedral took place between the 14th and 15th centuries. The comparison of the accounting documentation it generated with the monument itself and the lapidary signs identified thanks to the application of new technologies, has made it possible to approach the daily life of one of the most important construction undertakings of the Castilian Middle Ages and to contribute to a new reading of the resources, the people and the organization of the stonemasonry workshops. 606 $aHistory 606 $aArchitecture médiévale 606 $aCloître 606 $aGéostatistique 606 $aGothique 606 $aMarque de tâcheron 606 $aModélisation spatiale 606 $aTailleur de pierre 606 $aTolède 606 $aCathédrale 606 $aGliptographie 606 $aArquitectura medieval 606 $aClaustro 606 $aGeoestadística 606 $aGótico 606 $aMarca de cantería 606 $aModelización espacial 606 $aPedrero 606 $aToledo 606 $aCatedral 606 $aGliptografía 610 $aArquitectura medieval 610 $aCatedral 610 $aClaustro 610 $aGeoestadística 610 $aGliptografía 610 $aGótico 610 $aMarca de cantería 610 $aModelización espacial 610 $aPedrero 610 $aToledo 615 4$aHistory 615 4$aArchitecture médiévale 615 4$aCloître 615 4$aGéostatistique 615 4$aGothique 615 4$aMarque de tâcheron 615 4$aModélisation spatiale 615 4$aTailleur de pierre 615 4$aTolède 615 4$aCathédrale 615 4$aGliptographie 615 4$aArquitectura medieval 615 4$aClaustro 615 4$aGeoestadística 615 4$aGótico 615 4$aMarca de cantería 615 4$aModelización espacial 615 4$aPedrero 615 4$aToledo 615 4$aCatedral 615 4$aGliptografía 700 $aYuste Gala?n$b Amalia Mari?a$01881868 801 0$bFR-FrMaCLE 906 $aBOOK 912 $a9910597163703321 996 $aLa «señal» del pedrero$94496747 997 $aUNINA